Statistiken für Top-10-SIngles von Falco

Klicken Sie hier um das Quiz zu spielen!

Allgemein

  • Dieses Quiz wurde 193 mal gespielt
  • Das Durchschnittsergebnis liegt bei 6 aus 10

Antwortstatistiken

ErscheinungsjahrTitel% Korrekt
1985Rock Me Amadeus
95%
1985Jeanny Part 1
87%
1981Der Kommissar
86%
1998Out Of The Dark
67%
1985Vienna Calling
64%
1998Egoist
59%
1986Coming Home (Jeanny Part 2, ein Jahr danach)
57%
1988Wiener Blut
27%
1986The Sound Of Musik
22%
1982Maschine brennt
13%

Verteilung der Resultate

Perzentil nach korrekt beantworteten Fragen

Anzahl Personen mit jedem Resultat

Ihre Resultats-Entwicklung

Sie haben dieses Quiz noch nicht gespielt